00353pab a2200133 454500008004000000100001900040245005600059260000900115300001600124362001200140650001100152650001700163773003900180180718b2002 xxu||||| |||| 00| 0 eng d aChandra, Navin aOrganising labour: the question of form and content c2002 ap.1329-337. aOct-Dec aLabour aTrade unions aIndian Journal of Labour Economics